2024-2025 Los Angeles Lakers Roster - Statistics

General Stats
  • This quiz has been taken 21 times
  • The average score is 10 of 17
Answer Stats
Position Answer % Correct
SF Lebron James
100%
G Bronny James
88%
PG Luka Doncic
88%
SG Austin Reaves
81%
C Jaxson Hayes
75%
PF Dorian Finney-Smith
69%
PF Rui Hachimura
69%
PF Jarred Vanderbilt
63%
C Alex Len
56%
PG Gabe Vincent
56%
G Dalton Knecht
50%
C Christian Koloko
44%
PF Maxi Kleber
38%
G Jordan Goodwin
31%
PF Markieff Morris
31%
C Trey Jemison III
25%
SG Shake Milton
19%
No matching quizzes found
Score Distribution
Percent of People with Each Score
Percentile by Number Answered
Your Score History
You have not taken this quiz